When do teachers teach? (Record no. 7408)

MARC details
000 -LEADER
fixed length control field 01077cam a22002651 4500
001 - CONTROL NUMBER
control field 9705155
003 - CONTROL NUMBER IDENTIFIER
control field GBCCL
005 - DATE AND TIME OF LATEST TRANSACTION
control field 20241126110627.0
008 - FIXED-LENGTH DATA ELEMENTS--GENERAL INFORMATION
fixed length control field 780726s1935 xx 000 0 eng
010 ## -
-- 36008083
035 ## - SYSTEM CONTROL NUMBER
System control number (OCoLC)4087345
040 ## - CATALOGING SOURCE
Original cataloging agency DLC
Transcribing agency CCmS
Modifying agency DLC
050 00 -
-- BV1534
-- .C25
082 ## - DEWEY DECIMAL CLASSIFICATION NUMBER
Classification number 268.6
Item number CAM
100 1# - MAIN ENTRY--PERSONAL NAME
Personal name Campbell, Doak S.
Fuller form of name (Doak Sheridan),
Dates associated with a name 1888-1973.
9 (RLIN) 13100
245 10 - TITLE STATEMENT
Title When do teachers teach?
Statement of responsibility, etc. [By] Doak S. Campbell.
260 ## - PUBLICATION, DISTRIBUTION, ETC.
Place of publication, distribution, etc. Nashville, Tenn.,
Name of publisher, distributor, etc. The Sunday school board of the Southern Baptist convention
Date of publication, distribution, etc. [c1935]
300 ## - PHYSICAL DESCRIPTION
Extent 110p
Dimensions 19 cm.
500 ## - GENERAL NOTE
General note The author has written his revision and abridgement of H.C. Trumbull's "Teaching and teachers" which was published in 1934 under the joint authorship of H.C. Trumbull and D.S.Campbell with the title "When do teachers teach?"
650 #0 - SUBJECT ADDED ENTRY--TOPICAL TERM
Topical term or geographic name entry element Sunday schools.
9 (RLIN) 4555
650 #0 - SUBJECT ADDED ENTRY--TOPICAL TERM
Topical term or geographic name entry element Teaching.
9 (RLIN) 6016
700 1# - ADDED ENTRY--PERSONAL NAME
Personal name Trumbull, H. Clay
Fuller form of name (Henry Clay),
Dates associated with a name 1830-1903.
Title of a work Teaching and teachers.
9 (RLIN) 13101
906 ## - LOCAL DATA ELEMENT F, LDF (RLIN)
a 7
b cbc
c oclcrpl
d u
e ncip
f 19
g y-gencatlg
942 ## - ADDED ENTRY ELEMENTS (KOHA)
Source of classification or shelving scheme Dewey Decimal Classification
Koha item type Books
Koha issues (borrowed), all copies 1
Holdings
Withdrawn status Lost status Source of classification or shelving scheme Damaged status Not for loan Home library Current Library Shelving location Date acquired Total checkouts Full call number Barcode Date last seen Date last checked out Copy number Price effective from Koha item type
    Dewey Decimal Classification     GRACE BIBLE COLLEGE GRACE BIBLE COLLEGE Ministry & Mission 2018-08-06 1 268.6 CAM 002431 2025-05-01 2018-08-30 c.1 2018-08-06 Books
© Grace Bible College Library 2025